[Event "Czech Open Rapid 2019"]
[Site "Pardubice"]
[Date "2019.07.18"]
[Round "8.40"]
[White "Jires, Jiri"]
[Black "Fedotov, Konstantin"]
[Result "0-1"]
[WhiteElo "2096"]
[BlackElo "2020"]
[Annotator "NA"]
[PlyCount "56"]
[EventDate "2019.07.17"]
[EventType "swiss"]
[EventCountry "CZE"]
[SourceTitle "playchess.com"]
[Source "ChessBase"]
[SourceQuality "1"]

1. e4 c5 2. Nf3 d6 3. d4 cxd4 4. Nxd4 Nf6 5. Nc3 g6 6. Be2 Bg7 7. Be3 O-O 8. f3 a6 9. Qd2 Nc6 10. O-O-O Qa5 11. g4 Bd7 12. h4 h5 13. gxh5 Nxh5 14. Rhg1 Rfc8 15. Rg5 b5 16. Rdg1 Nb4 17. Rxh5 Rxc3 18. Kd1 Rxe3 19. Qxe3 Qxa2 20. Bd3 Nxd3 21. cxd3 Qb1+ 22. Kd2 Qxb2+ 23. Nc2 Rc8 24. Rc1 gxh5 25. d4 Kh7 26. f4 b4 27. Qe2 Qc3+ 28. Kd1 Bg4 0-1

[Event "Czech Open Rapid 2019"]
[Site "Pardubice"]
[Date "2019.07.18"]
[Round "8.41"]
[White "Jezbera, Jiri"]
[Black "Ludvik, Tomas"]
[Result "0-1"]
[WhiteElo "2133"]
[BlackElo "2334"]
[Annotator "NA"]
[PlyCount "100"]
[EventDate "2019.07.17"]
[EventType "swiss"]
[EventCountry "CZE"]
[SourceTitle "playchess.com"]
[Source "ChessBase"]
[SourceQuality "1"]

1. e4 e6 2. d4 d5 3. e5 c5 4. c3 Qb6 5. Nf3 Nc6 6. a3 Nh6 7. b4 cxd4 8. cxd4 Nf5 9. Bb2 Bd7 10. Be2 Na5 11. Nbd2 Rc8 12. Rc1 Rxc1 13. Qxc1 Nc6 14. Nb3 a6 15. g4 Nfe7 16. Nc5 Na7 17. Nxd7 Kxd7 18. O-O Ng6 19. Bd3 Be7 20. Kg2 Rc8 21. Qd2 Nb5 22. Ng5 Bxg5 23. Qxg5 Nc3 24. Qe3 Na4 25. Ba1 Qc6 26. f4 Nf8 27. f5 Ke8 28. Qg5 g6 29. b5 Qb6 30. fxg6 hxg6 31. Qf4 Rc7 32. bxa6 bxa6 33. Rb1 Qa7 34. Qd2 Nd7 35. Qa5 Nab6 36. h4 Nc4 37. Qb4 a5 38. Qa4 Ke7 39. h5 gxh5 40. gxh5 Ndxe5 41. dxe5 Qe3 42. Qd1 Qg5+ 43. Kf2 Qe3+ 44. Kg2 Qg5+ 45. Kh3 Qe3+ 46. Kh4 Qf2+ 47. Kg5 Qe3+ 48. Kg4 Nd2 49. Qe1 Qf3+ 50. Kg5 Qxd3 0-1

[Event "Czech Open Rapid 2019"]
[Site "Pardubice"]
[Date "2019.07.18"]
[Round "8.42"]
[White "Kopriva, Martin"]
[Black "Uhmann, Jan Jr"]
[Result "1-0"]
[WhiteElo "2031"]
[BlackElo "2043"]
[Annotator "NA"]
[PlyCount "69"]
[EventDate "2019.07.17"]
[EventType "swiss"]
[EventCountry "CZE"]
[SourceTitle "playchess.com"]
[Source "ChessBase"]
[SourceQuality "1"]

1. e4 e5 2. Nf3 Nc6 3. Nc3 Bc5 4. Bb5 Nf6 5. Nxe5 Nxe5 6. d4 Qe7 7. O-O c6 8. Be2 O-O 9. dxc5 Qxc5 10. Be3 Qb4 11. a3 Qe7 12. f4 Ng6 13. e5 Ne8 14. Qd3 d6 15. exd6 Nxd6 16. Bc5 Rd8 17. Rad1 Bf5 18. Bxd6 Qe6 19. Qd4 Bxc2 20. Bc4 Qd7 21. Rd2 Bf5 22. Ne4 b6 23. Ng5 Nh8 24. Re1 h6 25. Nf3 c5 26. Qc3 b5 27. Bf8 Rxf8 28. Rxd7 Bxd7 29. Re7 Bc6 30. Ne5 Be8 31. Bd5 Rc8 32. f5 c4 33. f6 g6 34. Qh3 Kh7 35. Qxc8 1-0

[Event "Czech Open Rapid 2019"]
[Site "Pardubice"]
[Date "2019.07.18"]
[Round "9.1"]
[White "Movsesian, Sergei"]
[Black "Bryzgalin, Kirill"]
[Result "1/2-1/2"]
[WhiteElo "2649"]
[BlackElo "2437"]
[Annotator "TA"]
[PlyCount "33"]
[EventDate "2019.07.17"]
[EventType "swiss"]
[EventCountry "CZE"]
[SourceTitle "playchess.com"]
[Source "ChessBase"]
[SourceQuality "1"]

1. e4 e5 2. Nf3 Nc6 3. Bc4 Be7 4. O-O d6 5. d3 Bf6 6. c3 Nge7 7. h3 O-O 8. Bb3 Ng6 9. Re1 h6 10. Nbd2 Be6 11. Nf1 Bxb3 12. Qxb3 Rb8 13. Be3 Re8 14. Rad1 b5 15. Ng3 a6 16. d4 Bg5 17. Qc2 1/2-1/2

[Event "Czech Open Rapid 2019"]
[Site "Pardubice"]
[Date "2019.07.18"]
[Round "9.1"]
[White "Mosesov, Danylo"]
[Black "Sahidi, Samir"]
[Result "1-0"]
[WhiteElo "2353"]
[BlackElo "2369"]
[Annotator "TA"]
[PlyCount "108"]
[EventDate "2019.07.17"]
[EventType "swiss"]
[EventCountry "CZE"]
[SourceTitle "playchess.com"]
[Source "ChessBase"]
[SourceQuality "1"]

1. d4 Nf6 2. c4 e6 3. Nf3 b6 4. a3 Bb7 5. Nc3 Be7 6. Qc2 d5 7. cxd5 Nxd5 8. e4 Nxc3 9. bxc3 O-O 10. Bd3 c5 11. O-O Nc6 12. Be3 cxd4 13. cxd4 Rc8 14. Qb2 Na5 15. Rfc1 Rxc1+ 16. Rxc1 Qa8 17. Nd2 Rc8 18. a4 Rxc1+ 19. Qxc1 Bc6 20. Qd1 Qe8 21. Bc2 h6 22. Nf3 Nc4 23. Bc1 b5 24. d5 exd5 25. exd5 Bd7 26. Qd3 Bf6 27. h4 g6 28. Bxh6 Bf5 29. Qb3 Na5 30. Qb1 Bxc2 31. Qxc2 bxa4 32. Bd2 Nb3 33. Qc6 Qxc6 34. dxc6 Bd8 35. Bb4 Bc7 36. g4 Nc1 37. Kf1 Nd3 38. Ba3 Nf4 39. Nd4 a6 40. Nc2 Nd5 41. Nb4 Nxb4 42. Bxb4 f5 43. gxf5 gxf5 44. Ke2 Kf7 45. Kd3 Kg6 46. Kc4 Kh5 47. Be7 Kg4 48. f3+ Kh5 49. Kb4 Kg6 50. Kxa4 Kf7 51. Bb4 Ke6 52. h5 Kd5 53. Bc3 Kxc6 54. h6 Kd5 1-0

[Event "Czech Open Rapid 2019"]
[Site "Pardubice"]
[Date "2019.07.18"]
[Round "9.2"]
[White "Cerveny, Martin"]
[Black "Bagi, Mate"]
[Result "1/2-1/2"]
[WhiteElo "2351"]
[BlackElo "2459"]
[Annotator "ChessBase"]
[PlyCount "31"]
[EventDate "2019.07.17"]
[EventType "swiss"]
[EventCountry "CZE"]
[SourceTitle "playchess.com"]
[Source "ChessBase"]
[SourceQuality "1"]

1. d4 Nf6 2. Nf3 g6 3. g3 d5 4. Bg2 Bg7 5. O-O O-O 6. c4 dxc4 7. Na3 Nc6 8. Nxc4 Be6 9. Nce5 Bd5 10. Bf4 a5 11. Nxc6 Bxc6 12. Be5 Bd5 13. Re1 Be4 14. Rc1 c6 15. a3 Bh6 16. e3 1/2-1/2

[Event "Czech Open Rapid 2019"]
[Site "Pardubice"]
[Date "2019.07.18"]
[Round "9.2"]
[White "Zpevak, Pavel"]
[Black "Brejnik, Gustav"]
[Result "0-1"]
[WhiteElo "2343"]
[BlackElo "2179"]
[Annotator "TA"]
[PlyCount "118"]
[EventDate "2019.07.17"]
[EventType "swiss"]
[EventCountry "CZE"]
[SourceTitle "playchess.com"]
[Source "ChessBase"]
[SourceQuality "1"]

1. d4 Nf6 2. c4 e6 3. Nf3 b6 4. g3 Ba6 5. Nbd2 c5 6. Bg2 Bb7 7. dxc5 bxc5 8. O-O Be7 9. b3 O-O 10. Bb2 Qb6 11. Qc2 Nc6 12. Rad1 a5 13. Ng5 Nb4 14. Qb1 g6 15. a3 Bxg2 16. Kxg2 Nc6 17. Qd3 a4 18. e3 axb3 19. Nde4 Ng4 20. Nf3 d6 21. Nxd6 Rad8 22. Qe4 Rxd6 23. Rxd6 Bxd6 24. Qxg4 f5 25. Qh4 e5 26. Rd1 Be7 27. Ng5 Rf7 28. Qh6 Bxg5 29. Qxg5 Qb7 30. Kg1 Rd7 31. Rd5 Na5 32. Qf6 Rxd5 33. cxd5 Nc4 34. Qd8+ Kg7 35. d6 Nxb2 36. Qc7+ Qxc7 37. dxc7 Na4 38. c8=Q b2 39. Qb7+ Kh6 40. Kf1 c4 41. Ke1 Nc5 42. Qb5 Nb3 43. Qxc4 b1=Q+ 44. Ke2 Qa2+ 45. Ke1 Qb1+ 46. Ke2 Nc1+ 47. Kf3 Qb7+ 48. e4 Nb3 49. Ke3 Qa7+ 50. Ke2 Nd4+ 51. Kf1 Qxa3 52. exf5 Qf3 53. Ke1 Qe4+ 54. Kd1 Qb1+ 55. Kd2 Qxf5 56. f4 Nf3+ 57. Ke3 Nxh2 58. Qc3 exf4+ 59. gxf4 Qh3+ 0-1

[Event "Czech Open Rapid 2019"]
[Site "Pardubice"]
[Date "2019.07.18"]
[Round "9.3"]
[White "Burdalev, Kirill"]
[Black "Ptacnikova, Lenka"]
[Result "0-1"]
[WhiteElo "2385"]
[BlackElo "2074"]
[Annotator "NA"]
[PlyCount "94"]
[EventDate "2019.07.17"]
[EventType "swiss"]
[EventCountry "CZE"]
[SourceTitle "playchess.com"]
[Source "ChessBase"]
[SourceQuality "1"]

1. d4 Nf6 2. Nf3 e6 3. g3 c5 4. Bg2 cxd4 5. Nxd4 d5 6. O-O e5 7. Nb3 Nc6 8. Bg5 Be6 9. Nc3 d4 10. Ne4 Be7 11. Bxf6 gxf6 12. Qd2 h5 13. f4 h4 14. f5 Bxb3 15. axb3 hxg3 16. hxg3 Qb6 17. Rf2 O-O-O 18. Ra4 Kb8 19. Bf3 Nb4 20. Qc1 Nd5 21. Nd2 Ne3 22. Nc4 Nxc4 23. Rxc4 Bc5 24. b4 Bxb4 25. Kg2 Qb5 26. b3 Rdg8 27. Rf1 Rg5 28. Be4 Rhg8 29. Rf3 Qa5 30. Qd1 Rg4 31. Qd3 Be1 32. b4 Qa1 33. Rc5 Rxg3+ 34. Rxg3 Rxg3+ 35. Qxg3 Bxg3 36. Kxg3 Qg1+ 37. Bg2 Qe3+ 38. Kh2 Qxe2 39. Rd5 Qxc2 40. Rd7 Kc8 41. Rxf7 d3 42. Kg3 d2 43. Bxb7+ Kd8 44. Bf3 Qxf5 45. Rxa7 Qxf3+ 46. Kh2 Qf2+ 47. Kh3 Qxa7 0-1

[Event "Czech Open Rapid 2019"]
[Site "Pardubice"]
[Date "2019.07.18"]
[Round "9.4"]
[White "Mirzoev, Emil"]
[Black "Vorobiov, Evgeny E."]
[Result "1-0"]
[WhiteElo "2493"]
[BlackElo "2578"]
[Annotator "ChessBase"]
[PlyCount "59"]
[EventDate "2019.07.17"]
[EventType "swiss"]
[EventCountry "CZE"]
[SourceTitle "playchess.com"]
[Source "ChessBase"]
[SourceQuality "1"]

1. d4 d5 2. c4 dxc4 3. Nf3 a6 4. e3 Bg4 5. Bxc4 e6 6. h3 Bh5 7. O-O Nf6 8. Qe2 Nc6 9. Rd1 Bd6 10. e4 Bxf3 11. gxf3 Nd7 12. f4 Nb6 13. Bb3 Qh4 14. Qf3 O-O-O 15. Nc3 Bb4 16. d5 Na5 17. Bc2 exd5 18. Nxd5 Nxd5 19. exd5 Nc4 20. Rd4 Ne5 21. Qe4 Bc5 22. fxe5 Qxe4 23. Rxe4 Rxd5 24. Bf4 g5 25. Bg3 Rd2 26. Bb3 h5 27. h4 gxh4 28. Rxh4 Rg8 29. Kf1 Rxb2 30. Bxf7 1-0

[Event "Czech Open Rapid 2019"]
[Site "Pardubice"]
[Date "2019.07.18"]
[Round "9.4"]
[White "Jirovsky, Pavel"]
[Black "Ter-Saakian, Grigorii"]
[Result "1-0"]
[WhiteElo "2322"]
[BlackElo "2338"]
[Annotator "NA"]
[PlyCount "185"]
[EventDate "2019.07.17"]
[EventType "swiss"]
[EventCountry "CZE"]
[SourceTitle "playchess.com"]
[Source "ChessBase"]
[SourceQuality "1"]

1. d4 d5 2. Nf3 Nf6 3. c4 c6 4. Qc2 dxc4 5. Qxc4 Bf5 6. Nc3 Nbd7 7. g3 e6 8. Bg2 Bd6 9. O-O O-O 10. Qb3 Qb6 11. Qxb6 axb6 12. Re1 Bg6 13. e4 e5 14. Bg5 exd4 15. Nxd4 Be5 16. Rad1 h6 17. Be3 Ng4 18. Bc1 Nc5 19. f4 Bxd4+ 20. Rxd4 Rfd8 21. Red1 Ne6 22. Rd7 Nf6 23. Rxd8+ Rxd8 24. Rxd8+ Nxd8 25. f5 Bh7 26. Bf4 Ne8 27. g4 f6 28. e5 fxe5 29. Bxe5 Nf7 30. Bd4 b5 31. Ne4 g6 32. fxg6 Bxg6 33. Nc5 Ned6 34. Kf2 b4 35. a4 bxa3 36. bxa3 Nb5 37. Bb2 Nbd6 38. h4 h5 39. gxh5 Bxh5 40. Nd7 Bd1 41. Kg3 Nc4 42. Bc1 Nfe5 43. Nc5 b6 44. Ne4 Kg7 45. Nc3 Bh5 46. a4 b5 47. axb5 cxb5 48. Nxb5 Nf7 49. Nd4 Ncd6 50. Bb2 Kh7 51. Kf4 Bd1 52. Ne6 Bb3 53. Nc5 Bc2 54. Bf1 Bg6 55. Be2 Bc2 56. Bf6 Kg8 57. Be7 Bb1 58. Bd1 Nf5 59. Bf6 N5d6 60. Bb3 Kh7 61. Ne6 Kg6 62. Bc3 Kh7 63. Nf8+ Kg8 64. Nd7 Kh7 65. h5 Bd3 66. Nf6+ Kh6 67. Bd1 Bb1 68. Bd2 Kg7 69. Ng4 Bf5 70. Bc3+ Kh7 71. Nf6+ Kh6 72. Nd5 Bb1 73. Ne3 Kh7 74. Ng4 Bf5 75. Nf6+ Kh6 76. Bb3 Bb1 77. Bb2 Bd3 78. Ba3 Bb1 79. Bxf7 Kg7 80. Ne8+ Kxf7 81. Nxd6+ Kg7 82. Kg5 Kh7 83. Ne8 Kg8 84. Bb2 Kf7 85. Ng7 Bc2 86. Nf5 Kg8 87. Kg6 Bb3 88. Ne7+ Kf8 89. Kf6 Bd1 90. h6 Bc2 91. Ba3 Bh7 92. Ng6+ Kg8 93. Bb4 1-0

[Event "Czech Open Rapid 2019"]
[Site "Pardubice"]
[Date "2019.07.18"]
[Round "9.5"]
[White "Goriatchkin, Jouri"]
[Black "Geller, Jakov"]
[Result "1/2-1/2"]
[WhiteElo "2316"]
[BlackElo "2525"]
[Annotator "ChessBase"]
[PlyCount "140"]
[EventDate "2019.07.17"]
[EventType "swiss"]
[EventCountry "CZE"]
[SourceTitle "playchess.com"]
[Source "ChessBase"]
[SourceQuality "1"]

1. d4 d5 2. c4 e6 3. Nf3 c6 4. e3 Nf6 5. Nc3 Nbd7 6. Bd3 dxc4 7. Bxc4 b5 8. Bd3 Bd6 9. O-O O-O 10. e4 e5 11. Re1 Qc7 12. g3 a6 13. Bg5 exd4 14. Nxd4 h6 15. Be3 Ne5 16. Bf1 Bg4 17. f3 c5 18. fxg4 cxd4 19. Bxd4 Bc5 20. Kg2 Bxd4 21. Qxd4 Nexg4 22. Nd5 Qb7 23. Be2 Nxd5 24. Bxg4 Nf6 25. Bf3 Rad8 26. Qe3 Qe7 27. e5 Nd5 28. Qe4 Nc7 29. Re2 Ne6 30. Qb7 Qc5 31. Rae1 a5 32. Rf2 Nd4 33. Bd1 Rd5 34. Bf3 Nxf3 35. Kxf3 Rxe5 36. Rxe5 Qxe5 37. Kg2 a4 38. b3 axb3 39. axb3 Qh5 40. Qd7 Ra8 41. Qf5 Qg6 42. Qxb5 Qe4+ 43. Kh3 Rd8 44. Qf5 Qb7 45. Qf3 Qd7+ 46. Kg2 Rb8 47. Re2 g6 48. Rc2 Qe6 49. Re2 Qxb3 50. Qxb3 Rxb3 51. h3 Kg7 52. Rf2 f5 53. h4 Kf6 54. Re2 g5 55. hxg5+ hxg5 56. Ra2 Kg6 57. Ra4 Rb2+ 58. Kg1 Re2 59. Kf1 Re4 60. Ra5 Rd4 61. Kf2 Rd2+ 62. Kg1 Kf6 63. Kf1 Ke6 64. g4 Rd5 65. Rxd5 Kxd5 66. gxf5 Ke5 67. Kg2 Kxf5 68. Kf3 g4+ 69. Kg3 Kf6 70. Kxg4 Ke5 1/2-1/2

[Event "Czech Open Rapid 2019"]
[Site "Pardubice"]
[Date "2019.07.18"]
[Round "9.5"]
[White "Chudinovskikh, Alexander M"]
[Black "Piesik, Piotr"]
[Result "1-0"]
[WhiteElo "2152"]
[BlackElo "2421"]
[Annotator "NA"]
[PlyCount "69"]
[EventDate "2019.07.17"]
[EventType "swiss"]
[EventCountry "CZE"]
[SourceTitle "playchess.com"]
[Source "ChessBase"]
[SourceQuality "1"]

1. d4 c5 2. d5 e5 3. e4 d6 4. Bb5+ Nd7 5. a4 Be7 6. Nf3 h6 7. O-O Bg5 8. Nbd2 a6 9. Bd3 Bxd2 10. Nxd2 Ne7 11. Nc4 Nf6 12. f4 Ng6 13. f5 Nf4 14. Bxf4 exf4 15. Rxf4 Qe7 16. e5 dxe5 17. d6 Qd8 18. Nxe5 O-O 19. Bc4 Bd7 20. Qf3 Qb6 21. Nxd7 Nxd7 22. f6 Nxf6 23. Rd1 Qxb2 24. c3 b5 25. Rxf6 bxc4 26. Rxf7 Qc2 27. Rf1 Rfd8 28. Qg3 Qh7 29. d7 Rab8 30. Re7 Kh8 31. Rfe1 Qg8 32. Qg6 Rf8 33. Re8 Rd8 34. Rxf8 Rxf8 35. Re8 1-0

[Event "Czech Open Rapid 2019"]
[Site "Pardubice"]
[Date "2019.07.18"]
[Round "9.6"]
[White "Nagy, Gabor"]
[Black "Jirka, Jiri"]
[Result "1/2-1/2"]
[WhiteElo "2474"]
[BlackElo "2407"]
[Annotator "TA"]
[PlyCount "109"]
[EventDate "2019.07.17"]
[EventType "swiss"]
[EventCountry "CZE"]
[SourceTitle "playchess.com"]
[Source "ChessBase"]
[SourceQuality "1"]

1. Nf3 d5 2. g3 Nf6 3. Bg2 c6 4. c4 g6 5. O-O Bg7 6. Qb3 O-O 7. d4 Qb6 8. Nc3 Be6 9. c5 Qa6 10. Re1 b6 11. cxb6 axb6 12. Ng5 Bf5 13. h3 h6 14. e4 dxe4 15. Ngxe4 Nxe4 16. Nxe4 Be6 17. Qc2 Bd5 18. Bf1 Qb7 19. Nc3 e6 20. Be3 Nd7 21. Rac1 Rfc8 22. a3 Nf6 23. Bf4 Nd7 24. Qd2 Kh7 25. h4 h5 26. Nxd5 cxd5 27. Bb5 Nf6 28. Qd3 Rxc1 29. Rxc1 Rc8 30. Re1 Qa8 31. Ba6 Rc6 32. Bb5 Rc8 33. Kg2 Ng4 34. f3 Nh6 35. Ba6 Rc6 36. Bb5 Rc8 37. g4 hxg4 38. fxg4 e5 39. Bxh6 Kxh6 40. h5 e4 41. g5+ Kh7 42. Qh3 Rc2+ 43. Be2 gxh5 44. Qxh5+ Kg8 45. Rf1 Qe8 46. g6 fxg6 47. Qxd5+ Kh7 48. Rh1+ Bh6 49. Qb7+ Kg8 50. Rxh6 Rxe2+ 51. Kg3 Re3+ 52. Kg2 Re2+ 53. Kg3 Re3+ 54. Kg2 Re2+ 55. Kg3 1/2-1/2

[Event "Czech Open Rapid 2019"]
[Site "Pardubice"]
[Date "2019.07.18"]
[Round "9.6"]
[White "Movsesian, Julia"]
[Black "Blandon, Luis Guillermo"]
[Result "0-1"]
[WhiteElo "2291"]
[BlackElo "2239"]
[Annotator "NA"]
[PlyCount "70"]
[EventDate "2019.07.17"]
[EventType "swiss"]
[EventCountry "CZE"]
[SourceTitle "playchess.com"]
[Source "ChessBase"]
[SourceQuality "1"]

1. e4 g6 2. d4 Bg7 3. Nc3 d6 4. h3 a6 5. f4 b5 6. a3 Nd7 7. Nf3 Bb7 8. Bd3 Ngf6 9. O-O O-O 10. Qe1 c5 11. e5 Nd5 12. Nxd5 Bxd5 13. c3 cxd4 14. cxd4 f5 15. Kh2 Qb6 16. Be3 Qb7 17. Qh4 Nb6 18. Rae1 Rae8 19. Bc1 Na8 20. Ng5 h6 21. Nf3 Kh7 22. Qg3 Bxf3 23. Rxf3 Nc7 24. Qf2 Nd5 25. g4 e6 26. Rg1 Qb6 27. gxf5 gxf5 28. Rfg3 Re7 29. Qg2 Rff7 30. Rg6 Qxd4 31. Rxh6+ Kg8 32. Qg6 Rc7 33. exd6 Rxc1 34. Rxc1 Qxf4+ 35. Kg2 Qd2+ 0-1

[Event "Czech Open Rapid 2019"]
[Site "Pardubice"]
[Date "2019.07.18"]
[Round "9.7"]
[White "Matviishen, Viktor"]
[Black "Valderrama Quiceno, Esteban Alb"]
[Result "1/2-1/2"]
[WhiteElo "2495"]
[BlackElo "2423"]
[Annotator "TA"]
[PlyCount "81"]
[EventDate "2019.07.17"]
[EventType "swiss"]
[EventCountry "CZE"]
[SourceTitle "playchess.com"]
[Source "ChessBase"]
[SourceQuality "1"]

1. d4 Nf6 2. c4 e6 3. Nf3 b6 4. g3 Bb7 5. Bg2 g6 6. O-O Bg7 7. Qc2 O-O 8. Nc3 d6 9. e4 Nbd7 10. Nh4 e5 11. dxe5 dxe5 12. Rd1 c6 13. b4 Qe7 14. Qb3 Rfd8 15. a4 Nf8 16. Rxd8 Rxd8 17. a5 Ne6 18. axb6 axb6 19. Ra7 Rd7 20. Be3 Nd4 21. Qa4 Bf8 22. Bh3 Rc7 23. b5 Qd8 24. Rxb7 Rxb7 25. bxc6 Rc7 26. Nd5 Nxe4 27. Nxc7 Qxc7 28. Bxd4 exd4 29. Bg2 f5 30. Nf3 d3 31. Nd4 Qe5 32. c5 Bxc5 33. c7 Qxc7 34. Qe8+ Bf8 35. Qxf8+ Kxf8 36. Ne6+ Kf7 37. Nxc7 d2 38. Bf3 Nc3 39. Nd5 d1=Q+ 40. Bxd1 Nxd1 41. Nxb6 1/2-1/2

[Event "Czech Open Rapid 2019"]
[Site "Pardubice"]
[Date "2019.07.18"]
[Round "9.7"]
[White "Frolov, Aleksey G."]
[Black "Strebkovs, Andrejs"]
[Result "0-1"]
[WhiteElo "2174"]
[BlackElo "2275"]
[Annotator "NA"]
[PlyCount "124"]
[EventDate "2019.07.17"]
[EventType "swiss"]
[EventCountry "CZE"]
[SourceTitle "playchess.com"]
[Source "ChessBase"]
[SourceQuality "1"]

1. e4 g6 2. d4 d6 3. Nc3 c6 4. Nf3 Bg7 5. Bg5 Nd7 6. Qd2 Qc7 7. h4 h5 8. a3 Ngf6 9. O-O-O O-O 10. Bh6 e5 11. Bxg7 Kxg7 12. Be2 Re8 13. Rdg1 Ng4 14. Bd1 Nb6 15. Ng5 Nf6 16. f4 Nc4 17. Qf2 Ng4 18. Bxg4 Bxg4 19. fxe5 dxe5 20. Rf1 Re7 21. Qf6+ Kg8 22. d5 Qd6 23. Qxd6 Nxd6 24. Rf6 Ne8 25. Rf2 f6 26. Nf3 Rd8 27. Nd2 f5 28. dxc6 bxc6 29. g3 Nf6 30. Re1 Rd4 31. Nf3 Bxf3 32. Rxf3 Nxe4 33. Nxe4 fxe4 34. Rf6 Kg7 35. Rxc6 Rf7 36. Rc3 Rf3 37. Rce3 Kf6 38. c3 Rxe3 39. Rxe3 Rd3 40. Rxe4 Rxg3 41. Ra4 Kf5 42. Rxa7 Kf4 43. a4 e4 44. a5 Rg1+ 45. Kc2 e3 46. Rf7+ Ke4 47. Re7+ Kf3 48. Rf7+ Ke4 49. Re7+ Kf3 50. b4 Ra1 51. Kd3 Rd1+ 52. Kc4 Ra1 53. Kb5 e2 54. c4 e1=Q 55. Rxe1 Rxe1 56. a6 g5 57. hxg5 h4 58. a7 Re8 59. c5 h3 60. Kb6 h2 61. c6 h1=Q 62. Kb7 Qb1 0-1

[Event "Czech Open Rapid 2019"]
[Site "Pardubice"]
[Date "2019.07.18"]
[Round "9.8"]
[White "Rasik, Vitezslav"]
[Black "Pechac, Jergus"]
[Result "0-1"]
[WhiteElo "2470"]
[BlackElo "2469"]
[Annotator "ChessBase"]
[PlyCount "64"]
[EventDate "2019.07.17"]
[EventType "swiss"]
[EventCountry "CZE"]
[SourceTitle "playchess.com"]
[Source "ChessBase"]
[SourceQuality "1"]

1. e4 e5 2. Nf3 Nc6 3. Bb5 a6 4. Ba4 b5 5. Bb3 Na5 6. O-O d6 7. d4 exd4 8. Nxd4 Bb7 9. Nf5 g6 10. Ng3 Bg7 11. Nc3 Ne7 12. f4 Qd7 13. f5 gxf5 14. exf5 Nxb3 15. axb3 Bxc3 16. bxc3 O-O-O 17. Bg5 Rde8 18. c4 Rhg8 19. Bxe7 Rxe7 20. cxb5 Qxb5 21. Rf2 Qc5 22. Ra4 Re5 23. Rc4 Qb6 24. Qd4 Qa5 25. Qxd6 Re1+ 26. Rf1 Re2 27. Rc6 Kb8 28. Qd3 Rd2 29. b4 Rxd3 30. bxa5 Rdxg3 31. hxg3 Bxc6 32. Kf2 Rg5 0-1

[Event "Czech Open Rapid 2019"]
[Site "Pardubice"]
[Date "2019.07.18"]
[Round "9.8"]
[White "Vittorino, Carlo Giovanni"]
[Black "Kusa, Jakub"]
[Result "1-0"]
[WhiteElo "2252"]
[BlackElo "2199"]
[Annotator "NA"]
[PlyCount "93"]
[EventDate "2019.07.17"]
[EventType "swiss"]
[EventCountry "CZE"]
[SourceTitle "playchess.com"]
[Source "ChessBase"]
[SourceQuality "1"]

1. b3 g6 2. Bb2 Nf6 3. Bxf6 exf6 4. e3 Bg7 5. d4 b6 6. Be2 Bb7 7. Bf3 Qc8 8. Nd2 d6 9. Bxb7 Qxb7 10. Qf3 Qxf3 11. Ngxf3 Nd7 12. O-O-O f5 13. c4 O-O-O 14. Kc2 h6 15. d5 Nc5 16. b4 Ne4 17. Nxe4 fxe4 18. Nd4 Bxd4 19. Rxd4 Rhe8 20. Kc3 Re5 21. Rd2 Rde8 22. Kd4 f6 23. Rc1 Rh5 24. h3 Ree5 25. a4 a6 26. Rdc2 Rhg5 27. g3 h5 28. h4 Rgf5 29. a5 Kb7 30. axb6 cxb6 31. Ra1 b5 32. Ra5 bxc4 33. Kxc4 Re7 34. Rca2 Rc7+ 35. Kd4 g5 36. Rxa6 Rxf2 37. Rxf2 Kxa6 38. Rxf6 gxh4 39. Rxd6+ Kb5 40. gxh4 Rc4+ 41. Ke5 Rc3 42. Kxe4 Rc4+ 43. Ke5 Rxh4 44. e4 Rh1 45. Rh6 h4 46. Kd6 h3 47. e5 1-0

[Event "Czech Open Rapid 2019"]
[Site "Pardubice"]
[Date "2019.07.18"]
[Round "9.9"]
[White "Dvoirys, Semen I."]
[Black "Stocek, Jiri"]
[Result "1-0"]
[WhiteElo "2505"]
[BlackElo "2556"]
[Annotator "ChessBase"]
[PlyCount "72"]
[EventDate "2019.07.17"]
[EventType "swiss"]
[EventCountry "CZE"]
[SourceTitle "playchess.com"]
[Source "ChessBase"]
[SourceQuality "1"]

1. e4 e6 2. d4 d5 3. e5 c5 4. c3 Nc6 5. Nf3 Bd7 6. Be2 f6 7. O-O fxe5 8. Nxe5 Nxe5 9. dxe5 Qc7 10. c4 d4 11. Re1 O-O-O 12. Bd3 Ne7 13. Nd2 Nc6 14. Nf3 Be7 15. a3 h6 16. Bg6 Be8 17. Qd3 Rf8 18. Bxe8 Rdxe8 19. Qg6 Bd8 20. Bd2 Qf7 21. Qxf7 Rxf7 22. b4 Rf5 23. Re4 Be7 24. b5 Nb8 25. Ne1 Nd7 26. Nd3 g5 27. f3 h5 28. h3 Rg8 29. Rf1 Bd8 30. a4 a5 31. Rf2 Rgf8 32. Kf1 Bc7 33. Ke2 g4 34. hxg4 hxg4 35. Rxg4 Nxe5 36. Nxe5 Rxe5+ 1-0

[Event "Czech Open Rapid 2019"]
[Site "Pardubice"]
[Date "2019.07.18"]
[Round "9.9"]
[White "Poleg, Matan"]
[Black "Myshakov, Fyodor"]
[Result "1-0"]
[WhiteElo "2226"]
[BlackElo "2295"]
[Annotator "NA"]
[PlyCount "124"]
[EventDate "2019.07.17"]
[EventType "swiss"]
[EventCountry "CZE"]
[SourceTitle "playchess.com"]
[Source "ChessBase"]
[SourceQuality "1"]

1. d4 d5 2. Nf3 Nf6 3. c4 dxc4 4. e3 e6 5. Bxc4 c5 6. O-O a6 7. Qe2 b5 8. Bd3 Nbd7 9. a4 b4 10. b3 Bb7 11. Bb2 Be7 12. Nbd2 O-O 13. Rac1 Nd5 14. Rfd1 Bf6 15. Ne4 cxd4 16. Nxf6+ N7xf6 17. Bxd4 Qa5 18. Rc5 Qd8 19. Ne5 Rc8 20. Bxa6 Rxc5 21. Bxc5 Nc3 22. Rxd8 Nxe2+ 23. Bxe2 Rxd8 24. Bxb4 Bd5 25. Be7 Re8 26. Bxf6 gxf6 27. Nd7 Kg7 28. b4 Rc8 29. Nc5 Rb8 30. Bb5 f5 31. f3 Ba8 32. Kf2 Rd8 33. Ke2 Kf6 34. a5 Ke7 35. Bd3 Kd6 36. Na6 Bb7 37. Nc5 Ba8 38. Nb3 Rb8 39. b5 Bd5 40. Nd4 Kc5 41. Kd2 f4 42. Kc3 fxe3 43. Nc2 f5 44. Nxe3 h5 45. f4 h4 46. b6 Bc6 47. Bc4 Ra8 48. Bxe6 Rxa5 49. Bxf5 Ra3+ 50. Kd2 Ra2+ 51. Bc2 Kxb6 52. g4 Be4 53. g5 Kc5 54. f5 Kd6 55. g6 Bxc2 56. Nxc2 Ke5 57. g7 Ra8 58. Ne3 Kf6 59. Ng4+ Kxg7 60. Ke3 Ra4 61. Kf3 Kf7 62. Kg2 Rxg4+ 1-0

[Event "Czech Open Rapid 2019"]
[Site "Pardubice"]
[Date "2019.07.18"]
[Round "9.10"]
[White "Petr, Martin"]
[Black "Zhuravlev, Stepan"]
[Result "1-0"]
[WhiteElo "2459"]
[BlackElo "2182"]
[Annotator "ChessBase"]
[PlyCount "57"]
[EventDate "2019.07.17"]
[EventType "swiss"]
[EventCountry "CZE"]
[SourceTitle "playchess.com"]
[Source "ChessBase"]
[SourceQuality "1"]

1. e4 e5 2. f4 exf4 3. Nf3 g5 4. Nc3 Bg7 5. g3 g4 6. Nh4 d6 7. d4 f3 8. Be3 Nc6 9. Qd2 Nge7 10. O-O-O d5 11. Bh6 Bf6 12. Bb5 Be6 13. Rhe1 a6 14. Ba4 b5 15. Bb3 Na5 16. Bxd5 c6 17. Bxe6 fxe6 18. Kb1 Qc7 19. Bf4 Qb6 20. Be5 Nc4 21. Qh6 Bxe5 22. dxe5 f2 23. Rf1 Qe3 24. Qh5+ Kf8 25. Ng2 Nd2+ 26. Ka1 Nxf1 27. Nxe3 Nxe3 28. Qh6+ Ke8 29. Qxe3 1-0

[Event "Czech Open Rapid 2019"]
[Site "Pardubice"]
[Date "2019.07.18"]
[Round "9.10"]
[White "Bogdanov, Egor"]
[Black "Zilka, Stepan"]
[Result "1-0"]
[WhiteElo "2407"]
[BlackElo "2534"]
[Annotator "ChessBase"]
[PlyCount "61"]
[EventDate "2019.07.17"]
[EventType "swiss"]
[EventCountry "CZE"]
[SourceTitle "playchess.com"]
[Source "ChessBase"]
[SourceQuality "1"]

1. e4 e5 2. d4 exd4 3. Nf3 Nc6 4. c3 d5 5. Bd3 dxc3 6. exd5 Nb4 7. Nxc3 Nxd3+ 8. Qxd3 Bd6 9. O-O Ne7 10. Qb5+ Qd7 11. Qb3 O-O 12. Re1 b6 13. Bg5 Ng6 14. Nd4 Qg4 15. Ne4 Bb7 16. h3 Qd7 17. Qb5 Qxb5 18. Nxb5 Be5 19. Rac1 Bxd5 20. Nxc7 Bxc7 21. Rxc7 Rae8 22. f3 h6 23. Bd2 f5 24. Nd6 Rxe1+ 25. Bxe1 Nf4 26. Rxa7 Rf6 27. Nc8 Kh7 28. Bd2 Ng6 29. Bc3 Rf7 30. Rxf7 Bxf7 31. a4 1-0